000 01395cam a22002771i 4500
003 SA-RiAUC
005 20260405132739.0
008 260330s1998 ku g f00010 ara c
040 _aSA-JeALM
_bara
_cSA-RiAUC.
_erda
043 _aa-ku---
082 0 4 _a370.9538
_qSA-RiAUC
090 _a370.9538
_bز م ز
100 _aالزمزمي، خيرية ناجي.
_eمؤلف.
245 0 2 _aالتطور الكمي للتعليم الأهلي بالمدارس الأهلية الحالية منذ تأسيسها وحتى العام الدراسي 1421 هـ بمكة المكرمة /
_cاعداد خيرية ناجي الزمزمي ، عالية ناصر الكريمي ، عفاف حسين الوعل .
264 1 _a( مكة المكرمة ) :
_bالرئاسة العامة لتعليم البنات بمكة المكرمة.
_c[بين 2001 و 2010]
300 _a50 صفحة ؛
_bإيضاحيات ؛
_c22 سم.
336 _aنص
_btxt
_2rdacontent
_3كتاب
337 _aبدون وسيط
_bn
_2rdamedia
650 7 _aالتعليم
_xتاريخ
_zالسعودية
_2aucsh
650 _aالتعليم الأهلي
_zالسعودية
650 _aتعليم البنات
_xتاريخ
_zالسعودية
700 _aالكريمي، عالية ناصر
_eمؤلف.
700 _aالوعل، عفاف حسين
_eمؤلف.
942 _2ddc
_cBOOK
_n0
949 _aSA-JeALM
_d260330
_uosman123
_n1
999 _c14720
_d14720